Metro Boomin - Wszystkie albumy - Statystyki

Ogólne statystyki
  • Ten quiz został rozwiązany 14 razy
    6 od ostatniego zresetowania
  • Średni wynik to 9 z 12
Statystyki odpowiedzi
Hint Odpowiedź % Poprawnych
2022 HEROES & VILLAINS
100%
2018 NOT ALL HEROES WEAR CAPES
83%
2016 Savage Mode
83%
2020 SAVAGE MODE II
83%
2023 SPIDER-MAN: ACROSS THE SPIDER-VERSE
83%
2024 WE DON'T TRUST YOU
83%
2024 WE STILL DON'T TRUST YOU
83%
2025 Metro Boomin Presents: A Futuristic Summa
67%
2017 Without Warning
67%
2014 19 & Boomin
50%
2017 Double Or Nothing
50%
2017 Perfect Timing
50%
Nie znaleziono quizów pasujących do podanych kryteriów
Rozkład punktacji
Procent ludzi z każdym wynikiem
Percentyl według liczby udzielonych odpowiedzi
Twoja historia wyników
Nie rozwiązałeś tego quizu od ostatniego zresetowania